2002 Key Performance Indicators launched (Record no. 70412)

MARC details
000 -LEADER
fixed length control field 00960cam a2200217 4500
001 - CONTROL NUMBER
control field WB3820-02
008 - FIXED-LENGTH DATA ELEMENTS--GENERAL INFORMATION
fixed length control field 020531n2002 000 0 eng u
035 ## - SYSTEM CONTROL NUMBER
System control number (Sirsi) u118277
245 ## - TITLE STATEMENT
Title 2002 Key Performance Indicators launched
260 ## - PUBLICATION, DISTRIBUTION, ETC.
Date of publication, distribution, etc. 2002
490 ## - SERIES STATEMENT
Series statement RICS Quantity Surveying and Construction Faculty News
Volume/sequential designation 30 May 2002 (1)
520 ## - SUMMARY, ETC.
Summary, etc. A new set of benchmarks for the construction industry were launched. The Construction Minister described the Key Performance Indicators (KPIs) as a significant step towards establishing a complete set of benchmarks for the industry. KPIs can one of the criteria used by clients in selection of consultants. For more information go to the Construction faculty website www.rics.org/const/
590 ## - LOCAL NOTE (RLIN)
Local note WB
650 ## - SUBJECT ADDED ENTRY--TOPICAL TERM
Topical term or geographic name entry element KEY PERFORMANCE INDICATORS
650 ## - SUBJECT ADDED ENTRY--TOPICAL TERM
Topical term or geographic name entry element KPIS
650 ## - SUBJECT ADDED ENTRY--TOPICAL TERM
Topical term or geographic name entry element CONSTRUCTION INDUSTRY
650 ## - SUBJECT ADDED ENTRY--TOPICAL TERM
Topical term or geographic name entry element CONSULTANTS
650 ## - SUBJECT ADDED ENTRY--TOPICAL TERM
Topical term or geographic name entry element BENCHMARKING
690 ## - LOCAL SUBJECT ADDED ENTRY--TOPICAL TERM (OCLC, RLIN)
Topical term or geographic name as entry element BUILT ENVIRONMENT
942 ## - ADDED ENTRY ELEMENTS (KOHA)
Suppress in OPAC 0
Holdings
Withdrawn status Lost status Source of classification or shelving scheme Damaged status Not for loan Home library Current library Shelving location Date acquired Total Checkouts Full call number Barcode Date last seen Copy number Price effective from Koha item type
    Dewey Decimal Classification     London London News article 31/05/2002   WB3820-02 118277-1001 06/08/2019 1 06/08/2019 News article